000 00350 a2200157 4500
001 61576
020 _a8516035018
040 _cAnchieta - Pituba
100 _aLeite, Maristela Pretili de Almeida
240 1 0 _aSementes de sol
_lpor
245 1 0 _aSementes de sol
300 _a80
362 0 _a2003
650 4 _aLiteratura juvenil
942 _cBK
999 _c61576
_d61576